[Event "FIDE Online-ch U18 Girls 2020"]
[Site "Online"]
[Date "2020.12.19"]
[Round "2.1"]
[White "Cervantes Landeiro, Thalia"]
[Black "Ouellet, Maili-Jade"]
[Result "1/2-1/2"]
[WhiteElo "2311"]
[BlackElo "2257"]
[Annotator "TA"]
[PlyCount "116"]
[EventDate "2020.12.18"]
[EventType "k.o."]
[EventCountry "NET"]
[SourceTitle "playchess.com"]
[Source "ChessBase"]
[SourceQuality "1"]

{[%evp 23,116,22,33,28,22,28,44,18,35,21,31,17,40,18,25,25,23,12,24,16,14,16,15,7,19,27,31,45,34,23,20,29,22,19,20,10,10,10,14,10,14,10,24,0,53,53,53,60,114,114,192,194,187,190,187,154,167,60,108,100,120,0,0,0,0,0,0,-7,8,8,33,0,0,0,0,-8,0,0,8,8,8,8,12839,788,783,0,0,0,316,0,0,0,0,0,0]} 1. d4 Nf6 2. c4 e6 3. Nf3 b6 4. g3 Ba6 5. b3 Bb4+ 6. Bd2 Be7 7. Bg2 c6 8. Bc3 d5 9. Nbd2 O-O 10. O-O Nbd7 11. Re1 Rc8 12. e4 dxe4 13. Nxe4 {E15: Queen's Indian: 4 g3 sidelines, 4 g3 Ba6 and 4 g3 Bb7 early deviations.} Nxe4 14. Rxe4 Bf6 15. Qe1 {White is slightly better.} c5 16. Rd1 Bb7 17. Re3 cxd4 {[#]} 18. Bxd4 $146 ({Predecessor:} 18. Nxd4 Bxg2 19. Kxg2 Qc7 20. Nb5 Qb7+ 21. f3 Bxc3 22. Rxc3 Rc6 23. Rcd3 Nf6 24. Nd6 {1-0 (31) Molvig,H (2215)-Henrichsen,J (2018) Copenhagen 2007}) 18... Qc7 19. Bxf6 Nxf6 20. Red3 Rcd8 21. Nd4 Bxg2 22. Kxg2 a6 23. Qe2 Rd6 24. Nf3 Rfd8 25. Rxd6 Rxd6 26. Qe5 Ne8 $1 27. Rxd6 Nxd6 28. Nd4 g6 29. h4 h5 30. Kh2 Qd7 31. Qe3 Qc7 32. Nf3 Nf5 33. Qd3 Qd6 (33... Qc5 $11 34. Kg2 Qc6) 34. Qxd6 $1 $14 Nxd6 {[%mdl 4096] Endgame KN-KN} 35. Ne5 $1 Nc8 ({Black should play} 35... Ne4 $14) 36. Nd7 $16 a5 (36... b5 $16) 37. Kg2 $18 Kg7 38. Kf3 f6 39. c5 $1 {[%cal Rc5b6]} b5 40. a4 (40. c6 $18) 40... bxa4 41. bxa4 Kf7 {[#]} 42. Ke4 (42. Nb6 $1 $16 {[%cal Rb6c8]} Na7 43. Ke4) 42... Ke7 $11 43. Nb8 {aiming for Nc6+.} Na7 44. f3 Kd8 45. c6 $1 Kc7 46. Nd7 f5+ 47. Ke5 Nxc6+ 48. Kxe6 Nd4+ 49. Ke7 Nxf3 {Threatens to win with ...Kc6.} 50. Nf8 g5 {And now ...f4 would win.} 51. Ne6+ {[%mdl 64] Double Attack} Kc6 {White must now prevent ...f4.} 52. hxg5 h4 $2 {[%mdl 8192]} (52... Nxg5 $11 53. Nxg5 Kc5) 53. gxh4 (53. g6 $142 Kd5 54. g7) 53... Nxh4 $18 54. Kf6 $2 (54. Nf4 $18) 54... Kd5 $11 55. Nf4+ Kc4 $2 {[%mdl 8192] [#]} (55... Ke4 $11 56. g6 Nxg6 57. Nxg6 f4 58. Nxf4 Kxf4) 56. g6 $2 (56. Ke7 $1 $18) 56... Nxg6 $1 {The position is equal.} 57. Kxg6 Kb4 58. Kxf5 Kxa4 {Accuracy: White = 79%, Black = 74%.} 1/2-1/2

[Event "FIDE Online-ch U18 Girls 2020"]
[Site "Online"]
[Date "2020.12.19"]
[Round "2.1"]
[White "Priyanka Nutakki"]
[Black "Solozhenkina, Elizaveta"]
[Result "1/2-1/2"]
[WhiteElo "2263"]
[BlackElo "2271"]
[Annotator "RC"]
[PlyCount "86"]
[EventDate "2020.12.18"]
[EventType "k.o."]
[EventCountry "NET"]
[SourceTitle "playchess.com"]
[Source "ChessBase"]
[SourceQuality "1"]

1. d4 {[%emt 0:00:00]} Nf6 {[%emt 0:00:04]} 2. Nf3 {[%emt 0:00:04]} g6 {[%emt 0:00:05]} 3. g3 {[%emt 0:00:05]} Bg7 {[%emt 0:00:04]} 4. Bg2 {[%emt 0:00:02]} O-O {[%emt 0:00:02]} 5. O-O {[%emt 0:00:24]} d5 {[%emt 0:00:07]} 6. c4 {[%emt 0:02:00]} Nc6 {[%emt 0:00:38]} 7. Ne5 {[%emt 0:03:00]} dxc4 {[%emt 0:03:17]} 8. Nxc6 {[%emt 0:00:21]} bxc6 {[%emt 0:00:03]} 9. Na3 {[%emt 0:00:34]} Be6 {[%emt 0:01:42]} 10. e4 {[%emt 0:01:18]} Rb8 {[%emt 0:00:41]} 11. h3 {[%emt 0:01:34]} Qd7 {[%emt 0:00:53]} 12. Kh2 {[%emt 0:00:04]} Rfd8 {[%emt 0:00:04]} 13. Nc2 {[%emt 0:01:38]} Ne8 {[%emt 0:01:15]} 14. Rb1 {[%emt 0:05:05]} Bxd4 {[%emt 0:01:40]} 15. Nxd4 {[%emt 0:00:05]} Qxd4 {[%emt 0:00:02]} 16. Qxd4 {[%emt 0:00:01]} Rxd4 {[%emt 0:00:02]} 17. Be3 {[%emt 0:00:01]} Rd7 {[%emt 0:00:25]} 18. Bxa7 {[%emt 0:00:57]} Ra8 {[%emt 0:00:16]} 19. Be3 {[%emt 0:00:19]} Rxa2 {[%emt 0:00:10]} 20. Ra1 {[%emt 0:00:04]} Rxa1 {[%emt 0:01:08]} 21. Rxa1 {[%emt 0:00:01]} Rd8 {[%emt 0:01:44]} 22. Ra6 {[%emt 0:00:28]} Rb8 {[%emt 0:00:38]} 23. Bd4 {[%emt 0:00:15]} Nd6 {[%emt 0:00:53]} 24. Rxc6 {[%emt 0:00:15]} Nb5 {[%emt 0:00:03]} 25. Be5 {[%emt 0:00:11]} Rb6 {[%emt 0:00:46]} 26. Rxb6 {[%emt 0:00:17]} cxb6 {[%emt 0:00:02]} 27. f4 {[%emt 0:00:13]} f6 {[%emt 0:00:08]} 28. Bb8 {[%emt 0:00:02]} Kf7 {[%emt 0:00:57]} 29. Bf1 {[%emt 0:00:11]} Nd4 {[%emt 0:01:00]} 30. Ba7 {[%emt 0:00:11]} Nf3+ {[%emt 0:00:11]} 31. Kg2 {[%emt 0:00:01]} Nd2 {[%emt 0:00:03]} 32. Bxb6 {[%emt 0:00:12]} Nxe4 {[%emt 0:00:01]} 33. Be2 {[%emt 0:00:16]} h5 {[%emt 0:00:15]} 34. g4 {[%emt 0:00:11]} h4 {[%emt 0:00:04]} 35. Be3 {[%emt 0:00:12]} Bd5 {[%emt 0:00:57]} 36. Bf3 {[%emt 0:00:08]} e5 {[%emt 0:00:02]} 37. fxe5 {[%emt 0:00:10]} fxe5 {[%emt 0:00:01]} 38. Bxe4 {[%emt 0:00:08]} Bxe4+ {[%emt 0:00:02]} 39. Kf2 {[%emt 0:00:01]} Kf6 {[%emt 0:00:18]} 40. Bd2 {[%emt 0:00:02]} Bd3 {[%emt 0:00:05]} 41. Be3 {[%emt 0:00:12]} Be4 {[%emt 0:00:31]} 42. Bd2 {[%emt 0:00:04]} Bd3 {[%emt 0:00:01]} 43. Be3 {[%emt 0:00:01]} Be4 {[%emt 0:00:15]} 1/2-1/2

[Event "FIDE Online-ch U18 Girls 2020"]
[Site "Online"]
[Date "2020.12.19"]
[Round "2.1"]
[White "Urh, Zala"]
[Black "Wang, Annie"]
[Result "0-1"]
[WhiteElo "2149"]
[BlackElo "2384"]
[Annotator "TA"]
[PlyCount "80"]
[EventDate "2020.12.18"]
[EventType "k.o."]
[EventCountry "NET"]
[SourceTitle "playchess.com"]
[Source "ChessBase"]
[SourceQuality "1"]

{[%evp 17,80,0,5,-27,37,40,35,30,134,45,150,43,55,13,12,-13,-17,-12,-10,-32,-14,-14,-14,-25,-18,-29,-27,-65,-61,-52,-50,-402,-397,-381,-358,-381,-367,-707,-687,-688,-680,-644,-639,-701,-667,-1094,-1103,-1090,-1091,-1157,-979,-1205,-1198,-1130,-1068,-1117,-1108,-7163,-6203,-5281,-2333,-29978,-29979,-29977,-29977]} 1. d4 Nf6 2. c4 e6 3. Nc3 Bb4 4. Nf3 d5 5. e3 O-O 6. Bd2 b6 7. cxd5 exd5 8. Bd3 Bb7 9. O-O Nbd7 10. Ne5 {E52: Nimzo-Indian: Rubinstein: 4...0-0 5 Nf3 d5 6 Bd3 b6.} Bd6 (10... Nxe5 $11 11. dxe5 Nd7) 11. f4 $14 c5 12. Qf3 {[#] White is slightly better.} Qe7 $146 {[#]} (12... cxd4 $11 {remains equal.} 13. exd4 Ne4 14. Nxe4 Bxe5 15. dxe5 (15. fxe5 dxe4 16. Bxe4 Nxe5 $11 {[%mdl 64] Pin}) 15... dxe4 16. Bxe4 Nxe5 17. Bxh7+ Kxh7 18. Qxb7 Qd4+ 19. Kh1 Ng4) ({Predecessor:} 12... cxd4 13. exd4 Bb4 14. Qh3 Nb8 15. Rad1 Bxc3 16. Bxc3 Ba6 17. f5 Bxd3 18. Rxd3 Ne4 {0-1 (41) Portisch,F (2400)-Eismont,O (2455) Veszprem 1996}) 13. Be1 ({Better is} 13. Qh3 $1 $16 {Threatens to win with Nxd7.} Rad8 14. Bb5) 13... Rae8 {[#]} ({Black should play} 13... Qe6 $14) 14. Bh4 (14. Qh3 $1 $16) 14... Qe6 $1 15. Rae1 Ne4 $1 16. Nxe4 dxe4 17. Bxe4 Bxe4 18. Qxe4 f6 19. f5 Qxa2 20. Ra1 Qb3 $1 ({Don't go for} 20... Bxe5 $2 21. dxe5 Qb3 22. e6 $18) 21. Ra3 Bxe5 22. dxe5 Qxb2 23. Qd5+ Kh8 24. Qxd7 $2 {[%mdl 8192] This costs White the game.} (24. Rxa7 $15 Nxe5 25. Qb7) 24... Qxa3 $19 25. exf6 {[%csl Gf6][%cal Rd7g7]} Qxe3+ 26. Bf2 {[%csl Gf6][%cal Rd7g7]} Qg5 27. f7 $2 (27. fxg7+ Qxg7 28. Qd3) 27... Re7 {[%mdl 64] Double Attack} 28. Qd3 Rexf7 29. Be3 Qd8 30. Qe4 Qe7 31. Qd3 {[#]} c4 $1 32. Qc3 (32. Qxc4 Qxe3+) 32... Rxf5 {[%csl Gf8][%cal Rf5f1]} 33. Rd1 Qf7 {( -> ...Rf1+)} 34. h3 Rf1+ 35. Rxf1 Qxf1+ {KQR-KQB} 36. Kh2 Qf7 37. Qd4 Qc7+ 38. Kg1 c3 39. h4 c2 40. Bc1 Qc5 {Weighted Error Value: White=0.86/Black=0.19} 0-1

[Event "FIDE Online-ch U18 Girls 2020"]
[Site "Online"]
[Date "2020.12.19"]
[Round "2.2"]
[White "Wang, Annie"]
[Black "Urh, Zala"]
[Result "1-0"]
[WhiteElo "2384"]
[BlackElo "2149"]
[Annotator "NA RC"]
[PlyCount "69"]
[EventDate "2020.12.18"]
[EventType "k.o."]
[EventCountry "NET"]
[SourceTitle "playchess.com"]
[Source "ChessBase"]
[SourceQuality "1"]

1. d4 {[%emt 0:00:00]} Nf6 {[%emt 0:00:04]} 2. c4 {[%emt 0:00:03]} e6 {[%emt 0:00:02]} 3. Nf3 {[%emt 0:00:02]} d5 {[%emt 0:00:01]} 4. Nc3 {[%emt 0:00:03]} Bb4 {[%emt 0:00:02]} 5. Bg5 {[%emt 0:00:28]} h6 {[%emt 0:00:14]} 6. Bxf6 {[%emt 0:00:03]} Qxf6 {[%emt 0:00:01]} 7. e3 {[%emt 0:00:10]} O-O {[%emt 0:00:14]} 8. Rc1 {[%emt 0:00:13]} Nc6 {[%emt 0:00:05]} 9. Be2 {[%emt 0:00:21]} dxc4 {[%emt 0:00:57]} 10. Bxc4 {[%emt 0:00:06]} e5 {[%emt 0:00:35]} 11. O-O {[%emt 0:01:19]} Bxc3 {[%emt 0:03:24]} 12. bxc3 {[%emt 0:00:06]} e4 $16 {[%emt 0:00:47]} 13. Nd2 {[%emt 0:00:22]} Qg6 {[%emt 0:00:03]} 14. Bd5 {[%emt 0:02:22]} Bf5 {[%emt 0:00:42]} 15. f3 {[%emt 0:00:32]} exf3 {[%emt 0:00:55]} 16. Qxf3 {[%emt 0:00:21]} Bg4 {[%emt 0:00:43]} 17. Qg3 {[%emt 0:01:00]} Rad8 {[%emt 0:01:09]} 18. e4 {[%emt 0:01:20]} Qg5 {[%emt 0:02:52]} 19. Rf2 {[%emt 0:01:27]} Ne7 {[%emt 0:00:33]} 20. Bb3 {[%emt 0:01:25]} c5 {[%emt 0:00:41]} 21. h4 {[%emt 0:01:32]} Qh5 {[%emt 0:00:31]} 22. Rcf1 {[%emt 0:00:45]} Be6 {[%emt 0:03:34]} 23. d5 {[%emt 0:00:10]} Bc8 {[%emt 0:00:17]} 24. d6 {[%emt 0:00:14]} Ng6 {[%emt 0:00:05]} 25. Bxf7+ {[%emt 0:00:52]} Rxf7 {[%emt 0:00:09]} 26. Rxf7 {[%emt 0:00:03]} Be6 {[%emt 0:00:08]} 27. R7f2 {[%emt 0:00:47]} b5 {[%emt 0:00:17]} 28. Nf3 {[%emt 0:00:21]} a5 {[%emt 0:00:05]} 29. a3 {[%emt 0:01:07]} Bc4 {[%emt 0:00:22]} 30. Rd1 {[%emt 0:00:09]} b4 {[%emt 0:00:05]} 31. d7 {[%emt 0:00:27]} Nf8 {[%emt 0:00:14]} 32. axb4 {[%emt 0:00:29]} axb4 {[%emt 0:00:09]} 33. cxb4 {[%emt 0:00:07]} Rxd7 {[%emt 0:00:14]} 34. Rc1 {[%emt 0:00:09]} Bd3 {[%emt 0:00:05]} 35. Ne5 {[%emt 0:00:20]} 1-0

[Event "FIDE Online-ch U18 Girls 2020"]
[Site "Online"]
[Date "2020.12.19"]
[Round "2.2"]
[White "Solozhenkina, Elizaveta"]
[Black "Priyanka Nutakki"]
[Result "1-0"]
[WhiteElo "2271"]
[BlackElo "2263"]
[Annotator "TA"]
[PlyCount "87"]
[EventDate "2020.12.18"]
[EventType "k.o."]
[EventCountry "NET"]
[SourceTitle "playchess.com"]
[Source "ChessBase"]
[SourceQuality "1"]

{[%evp 11,86,-3,34,27,30,37,51,23,23,20,19,0,-5,-8,-10,-8,0,0,4,7,26,22,28,9,15,-17,29,0,66,28,27,27,41,20,48,4,47,33,58,9,21,0,37,32,48,47,87,51,105,116,193,162,351,333,475,283,228,199,199,202,191,189,29986,29987,29987,29988,29988,29984,29984,29961,29990,0,29980,0,29998,29999,29999]} 1. e4 {Ftacnik,L} g6 2. d4 Bg7 3. Nc3 d6 4. Nf3 Nf6 5. g3 O-O 6. Bg2 Bg4 7. h3 {B07: Pirc Defence: Miscellaneous Systems.} Bxf3 8. Qxf3 {Black must now prevent e5.} Nc6 9. Be3 {White is slightly better.} e5 10. dxe5 dxe5 {[#]} 11. Rd1 $146 (11. Nb5 {is interesting.} a6 12. Na3 Nd4 13. Qd1 b5 14. c3) ({Predecessor:} 11. O-O Nd4 12. Qd1 Qe7 13. Nb1 h5 14. Nd2 h4 15. Bxd4 exd4 16. gxh4 Nh5 17. Qg4 Qc5 18. Qg5 Qxc2 19. Rfc1 Qxb2 20. Nc4 {½-½ (54) Spassky,B (2630)-Timman,J (2585) Tilburg 1978 MCL [Ftacnik,L]}) 11... Nd4 12. Bxd4 exd4 13. O-O Nd7 14. Ne2 c5 15. Qa3 Qc7 16. c3 {[%cal Rc3d4]} Qb6 17. Kh2 Rfd8 18. f4 Nf8 19. e5 Ne6 ({Black should try} 19... d3 $11 20. Ng1 c4) 20. cxd4 cxd4 21. Rd2 Rd7 22. h4 Rad8 23. Rfd1 Kh8 24. Qf3 f6 25. exf6 Bxf6 26. b3 Rc7 27. f5 gxf5 28. Qxf5 Ng7 29. Qg4 {[%cal Re2d4]} Rcd7 {White leaves nothing to chance now.} (29... Ne6 $14) 30. Nf4 $16 Qc5 (30... Be5 $16) 31. Be4 Qe5 $2 (31... Be5 32. Nd3 Qd6) 32. Bd3 $18 Re7 (32... Be7 $142 33. Qg6 hxg6 34. Nxg6+ {[%mdl 64] Double Attack} Kg8 35. Nxe5 Rc7 36. Bc4+ {[%mdl 64] Discovered Attack} Kh7 37. Bd3+ Kg8 38. Bc4+ {[%mdl 64] Discovered Attack} Kh7) 33. Re2 (33. Rf1 $142) 33... Qd6 34. Rde1 {And now Ng6+! would win.} Rxe2+ 35. Rxe2 {White wants to mate with Ng6+!} ({Don't play} 35. Nxe2 $6 Re8 $16) 35... Be5 36. Nh3 $40 {[%mdl 128] Threatens to win with Ng5. Black is in trouble.} Bf6 $2 {[#]} (36... Rf8 $18 37. Kg1 Bf6) 37. Qe4 $1 {[%csl Gd3][%cal Re4h7][%mdl 576] Double Attack} Kg8 38. Qxh7+ Kf8 39. Qh8+ Kf7 40. Bc4+ Kg6 41. Bd3+ Kf7 {[#]} 42. Qh7 $1 Rc8 $2 {[%mdl 8192]} (42... Kf8 $11 43. Nf4 Bxh4 44. Qh8+ Kf7 45. Bc4+ Qe6 46. Qxh4 Rd6 47. Nxe6 Rxe6 48. Qxd4 Kg8 49. Bxe6+ Kh8 50. Bf5 Kg8 51. Re7 {[%mdl 64] Double Attack} Ne8 52. Qd5+ {[%mdl 64] Double Attack} Kh8 53. Rh7#) 43. Bg6+ Kf8 44. Qh8# {Weighted Error Value: White=0.62/Black=0.63} 1-0

[Event "FIDE Online-ch U18 Girls 2020"]
[Site "Online"]
[Date "2020.12.19"]
[Round "2.2"]
[White "Ouellet, Maili-Jade"]
[Black "Cervantes Landeiro, Thalia"]
[Result "0-1"]
[WhiteElo "2257"]
[BlackElo "2311"]
[Annotator "TA"]
[PlyCount "132"]
[EventDate "2020.12.18"]
[EventType "k.o."]
[EventCountry "NET"]
[SourceTitle "playchess.com"]
[Source "ChessBase"]
[SourceQuality "1"]

{[%evp 24,132,33,35,54,48,52,52,40,24,22,21,23,24,29,9,23,21,60,55,28,0,0,0,46,12,15,16,16,-111,-117,-316,-311,-402,-315,-1172,-1138,-1009,-384,-406,-218,-550,-384,-384,-384,-384,-384,-384,-384,-384,-375,-460,-504,-501,-442,-351,-337,-1143,-1146,-979,-1076,-1117,-1008,-12811,-11447,-29978,-29979,-29979,-29980,-29980,-29981,-29981,-29982,-29981,-29982,-29985,-29986,-29983,-29983,-29983,-29984,-29991,-29992,-29992,-29988,-29988,-29981,-29981,-29982,-29982,-29983,-29983,-29984,-29983,-29983,-29983,-29984,-29984,-29985,-29985,-29985,-29986,-29986,-29987,-29988,-29988,-29989,-29989,-29989,-29990,-278]} 1. d4 Nf6 2. c4 g6 3. Nc3 d5 4. cxd5 Nxd5 5. e4 Nxc3 6. bxc3 Bg7 7. Nf3 c5 8. Rb1 O-O 9. Be2 b6 10. O-O Bb7 11. Qd3 Ba6 12. Qe3 {12.Qc2 is not played anymore.} Bxe2 13. Qxe2 Nc6 {[%cal Rc5d4] D85: Exchange Grünfeld: Unusual White 7th moves and lines with 7 Nf3.} 14. d5 Ne5 {[#]} 15. Nxe5 $146 ({Predecessor:} 15. c4 Nxf3+ 16. Qxf3 Qd7 17. Bb2 Qa4 18. Bxg7 Kxg7 19. Qc3+ f6 20. Rfe1 Kg8 21. e5 {1-0 (36) Fahnenschmidt,G (2166)-Johne,S (1987) Bad Homburg 2005}) 15... Bxe5 {White is slightly better.} 16. c4 e6 17. Bb2 Bxb2 18. Qxb2 exd5 19. cxd5 Re8 20. Rfe1 Rc8 21. Rbd1 c4 22. Qd4 c3 23. Rc1 c2 24. e5 Rc5 25. d6 Qd7 26. Re2 {[#]} (26. h4 $11 {keeps the balance.}) 26... Qb5 $1 $17 {[%cal Rb5e2]} 27. d7 $2 {This costs White the game.} (27. Ree1 $17 {was worth a try.}) 27... Rd8 $19 28. Qe4 Qxd7 {Threatens to win with ...Qd1+.} 29. g3 $2 (29. e6 Qxe6 30. Qxe6 fxe6 31. Kf1 Rd1+ 32. Re1) 29... Qd1+ {[%mdl 64] Double Attack} 30. Re1 {[#]} Qd4 $2 (30... Qxc1 $1 {[%mdl 512]} 31. Rxc1 Rd1+ {[%mdl 64] Double Attack} 32. Kg2 Rxc1) 31. Qe2 Qc4 (31... Qd2 $142 {aiming for ...Qxe2.} 32. Qxd2 Rxd2) 32. Kf1 $2 (32. Qxc4 Rxc4 33. Kg2) 32... Qxe2+ 33. Rxe2 {[%mdl 4096] Endgame KRR-KRR} Rd1+ 34. Re1 Rxe1+ 35. Kxe1 Rxe5+ {KR-KR} 36. Kd2 Rc5 37. Rxc2 Rxc2+ 38. Kxc2 {KP-KP} Kf8 39. Kb3 Ke7 40. Kb4 $2 (40. Kc4 Kd7 41. Kd5) 40... a6 41. Kc4 Kd6 42. Kd4 b5 43. Ke4 Kc5 44. Kd3 Kb4 {Black mates.} 45. Kc2 Ka3 46. Kb1 a5 {[%cal Ba6a5,Ba5a4,Ba4b3,Bb3b2][%mdl 32]} 47. Ka1 b4 48. Kb1 a4 49. Ka1 b3 50. axb3 axb3 51. Kb1 b2 52. f3 Kb3 53. f4 Kc3 54. g4 f5 55. g5 Kd3 56. Kxb2 {K3P-K3P} Ke4 57. Kc3 Kxf4 58. Kd2 Kxg5 {KP-KP} 59. Ke3 Kg4 60. Kf2 Kh3 61. Kg1 {Cut Off at move 61} f4 62. Kh1 g5 63. Kg1 g4 64. Kh1 g3 65. hxg3 fxg3 66. Kg1 g2 {Weighted Error Value: White=0.68/Black=0.23} 0-1

[Event "FIDE Online-ch U18 Girls 2020"]
[Site "Online"]
[Date "2020.12.19"]
[Round "3.1"]
[White "Yip, Carissa"]
[Black "Solozhenkina, Elizaveta"]
[Result "0-1"]
[WhiteElo "2421"]
[BlackElo "2271"]
[Annotator "TA"]
[PlyCount "116"]
[EventDate "2020.12.18"]
[EventType "k.o."]
[EventCountry "NET"]
[SourceTitle "playchess.com"]
[Source "ChessBase"]
[SourceQuality "1"]

{[%evp 16,116,14,10,6,0,10,0,6,-17,-17,-89,-25,-25,-37,-57,-10,0,0,-33,0,-2,14,31,22,16,39,29,59,31,25,18,56,69,60,88,76,79,98,84,81,42,39,44,48,0,0,0,-16,-81,53,0,0,0,0,0,29,47,28,0,138,11,23,8,95,95,194,64,135,78,78,78,78,17,50,-12,0,-8,0,0,0,-45,-38,-102,-105,-112,-106,-258,-251,-225,-102,-830,-97,-830,-824,-816,-814,-772,-741,-29990,-29991,-29991,-29992]} 1. e4 c5 2. Nf3 d6 3. d4 cxd4 4. Nxd4 Nf6 5. Nc3 a6 6. Bg5 e6 7. f4 h6 8. Bh4 Qb6 9. a3 Be7 {B96: Sicilian Najdorf: 6 Bg5 e6 7 f4, lines other than 7...Qb6 and 7...Be7.} (9... Qxb2 $2 10. Na4 $18) 10. Bf2 Qc7 11. Qf3 Nbd7 {The position is equal.} 12. g4 g5 {[#]} 13. fxg5 $146 (13. Nb3 $11) ({Predecessor:} 13. Qh3 e5 14. fxg5 exd4 15. Bxd4 Nxg4 16. Bxh8 Nde5 17. Bxe5 Nxe5 18. Qg3 Bg4 19. Bg2 {1-0 (30) Szyszylo,R (2218)-Lojek,M (2175) Ustron 2020}) 13... hxg5 (13... Ne5 $1 $17 {[%cal Re5f3]} 14. Qg3 hxg5) 14. Be2 Ne5 15. Qg3 Bd7 16. O-O-O O-O-O 17. Nb3 Kb8 18. Qe3 Kc8 19. h3 Bc6 20. Nd4 Bd7 21. Nf3 Nxf3 22. Bxf3 Bc6 23. Rd2 Nd7 24. Nd5 $1 {[%cal Rd5e7]} exd5 25. exd5 {[%mdl 64] Discovered Attack} Bf6 26. dxc6 bxc6 27. Qd3 Qb7 28. c3 (28. Qxd6 $2 Qxb2+ 29. Kd1 Ne5 $19) 28... Be5 29. Be3 f6 30. Qc4 Kc7 31. Bg2 Qb5 32. Qf7 (32. Qb4 $11) 32... Rhg8 ({Better is} 32... Rhe8 $17 33. Rc2 Qd3) 33. Bf1 ({White should play} 33. Kb1 $14) 33... Qa4 $11 {Threatens to win with ...Qe4.} 34. Bd3 Rgf8 35. Qa2 Nc5 36. Bc2 Qb5 37. a4 Qb7 (37... Qb6 $11) 38. Rhd1 (38. Bxc5 $16 {And now Be3 would win.} dxc5 39. Rxd8 Rxd8 40. h4) 38... Nd7 39. a5 Rb8 (39... Rh8 $11 {remains equal.}) 40. Bf5 $16 {aiming for Qe6.} Qb5 (40... Rbd8 $16 {was called for.}) 41. Bd3 (41. Qa3 $18 {[%cal Rd2d6]} c5 42. Bxd7 Kxd7 43. Bxc5) 41... Qb3 {[#]} (41... Qb7 $1 $14) 42. Bb6+ (42. Qxb3 $142 $1 Rxb3 43. Bxa6) 42... Rxb6 43. axb6+ Qxb6 44. Re2 ({Reject} 44. Qxa6 Qxa6 45. Bxa6 Bf4 $15) ({Wrong is} 44. Bxa6 $2 Ra8 $19) (44. Kc2 $16) 44... Nc5 45. Bc2 (45. b4 $1 $14 Nxd3+ 46. Rxd3) 45... d5 $11 46. Rf1 $132 {[%mdl 2048] Hoping for Rxe5! White is not holding back} Rh8 47. Rf3 $1 a5 48. Bd1 Rd8 49. Qb1 (49. h4 $15) 49... d4 50. cxd4 Rxd4 {...Bf4+ is the strong threat.} 51. Qh7+ $2 (51. Qc2 $17) 51... Rd7 $19 52. Qc2 {[#]} a4 (52... Qb4 $1 $19 53. Rxe5 fxe5) 53. Ra3 $2 {[%mdl 8192]} (53. Kb1 $17) 53... Qb4 $2 (53... Nb3+ $19 {has better winning chances.} 54. Rxb3 axb3 55. Qxb3 Qc5+ 56. Qc2 Bf4+ 57. Kb1 Qg1) 54. Rf3 $2 {[%mdl 8192]} (54. Kb1 $17) 54... Nb3+ 55. Rxb3 axb3 ({Not} 55... Qxb3 56. Qxb3 axb3 57. Bxb3 $17) 56. Qxb3 Qd4 57. Bc2 Qg1+ 58. Bd1 Bf4+ {Weighted Error Value: White=0.68/Black=0.42} 0-1

[Event "FIDE Online-ch U18 Girls 2020"]
[Site "Online"]
[Date "2020.12.19"]
[Round "3.1"]
[White "Cervantes Landeiro, Thalia"]
[Black "Wang, Annie"]
[Result "1/2-1/2"]
[WhiteElo "2311"]
[BlackElo "2384"]
[Annotator "TA"]
[PlyCount "136"]
[EventDate "2020.12.18"]
[EventType "k.o."]
[EventCountry "NET"]
[SourceTitle "playchess.com"]
[Source "ChessBase"]
[SourceQuality "1"]

{[%evp 9,136,7,8,0,13,21,33,29,39,12,44,14,4,13,8,0,0,-16,-23,-31,-12,-4,-10,-17,-9,-8,-8,-13,-8,-15,0,0,0,-24,10,-10,-4,-4,-14,-30,-4,-28,-28,-20,0,-40,-28,-28,-8,-28,-20,-20,-20,-26,-10,-46,-54,-40,-13,-87,-4,-9,-6,-17,-14,-50,-25,-12,-13,-13,-13,-17,-17,-12,-16,-21,-13,-19,-13,-20,-14,-37,-37,-38,-33,-40,-55,-30,0,0,0,0,0,0,0,0,0,0,0,0,46,35,200,0,0,0,0,0,90,107,12843,0,0,0,0,0,0,0,0,0,0,0,0,0,0,0,0,0,0]} 1. d4 Nf6 2. c4 e6 3. Nf3 d5 4. Nc3 Bb4 5. cxd5 exd5 6. Bf4 {D38: Queen's Gambit Declined: Ragozin Defence (4 Nf3 Bb4).} O-O 7. e3 c6 8. Bd3 {White is slightly better.} Bd6 9. Bg5 Bg4 {The old main line.} 10. Qc2 {White wants to play Bxh7+!} h6 11. Bh4 Nbd7 12. Bh7+ Kh8 13. Bf5 Bxf5 14. Qxf5 {[#]} Qe7 $146 ({Predecessor:} 14... Re8 15. O-O Re6 16. Rfc1 Qe8 17. Qc2 Ne4 18. Nxe4 dxe4 19. Nd2 f5 20. Bg3 Bxg3 21. fxg3 Nf6 {0-1 (41) Beckmann,K-Bruemmer,F Germany 1991}) 15. O-O Rfe8 16. Rfe1 Qe6 17. Qxe6 Rxe6 18. Bg3 Bb4 19. Rec1 Nb6 20. Ne5 Kg8 21. Nd3 Bf8 22. Nc5 Bxc5 23. dxc5 Nbd7 24. Ne2 Ne4 25. Nd4 Ree8 26. b4 g6 27. Nb3 Nxg3 28. hxg3 Ne5 29. Na5 Re7 30. Rab1 Rc8 31. Rc2 b6 32. cxb6 axb6 33. Nb3 Nc4 34. Rd1 (34. Ra1 $11 {keeps the balance.}) 34... Ra8 (34... b5 $17) 35. b5 c5 36. Rxd5 Na3 37. Rcd2 Nxb5 38. Rd8+ Re8 39. Rxe8+ Rxe8 $11 {[%mdl 4096] Endgame KRN-KRN} 40. a4 Nc3 41. a5 $1 c4 42. Nd4 bxa5 {next ...Rb8 is good for Black.} 43. Rc2 Ne4 44. Rxc4 Rb8 45. f3 Rb1+ 46. Kh2 Nd2 47. Rc8+ Kg7 48. e4 a4 49. Ra8 Nf1+ 50. Kg1 Nxg3+ 51. Kf2 Nh1+ 52. Ke3 Rb2 53. g4 Ra2 54. e5 h5 55. Ra7 hxg4 $2 ({Better is} 55... Kg8 $14) 56. fxg4 $2 (56. e6 $1 $18 {[%cal Re6e7] e7 is the strong threat.} gxf3 57. Kxf3 (57. Rxf7+ Kg8 $11)) 56... Ra3+ 57. Kf4 Kg8 58. Kg5 {And now e6 would win.} Nf2 {[#]} (58... Rg3 $1 $11) 59. e6 $1 $16 {[%cal Re6f7]} Nh3+ $2 {[%mdl 8192] [#]} (59... Re3 $16) 60. Kf6 $2 (60. Kh6 $1 $18 {[%cal Ra7a8]} fxe6 61. Nxe6) 60... fxe6 $11 {The position is equal.} 61. Nxe6 {Cut Off at move 61} Rf3+ 62. Kxg6 {Intending Ra8+ and mate.} Nf4+ 63. Nxf4 Rxf4 {KR-KR} 64. g5 Rf8 65. Rxa4 Rb8 66. Ra6 Rc8 67. Kh6 Rb8 68. Rg6+ Kh8 {Weighted Error Value: White=0.22/Black=0.17} 1/2-1/2